[Event "4NCL Division 2d"]
[Site "Telford, ENG"]
[Date "2018.05.07"]
[Round "11.51"]
[White "Gayson, Peter M"]
[Black "Emms, John M"]
[Result "0-1"]
[WhiteElo "2145"]
[BlackElo "2484"]
[PlyCount "67"]
[EventDate "2018.05.07"]
[WhiteTeam "White Rose 2"]
[BlackTeam "KJCA Kings"]

1. e4 c5 2. Nf3 Nc6 3. d4 cxd4 4. Nxd4 g6 5. Nc3 Bg7 6. Be3 Nf6 7. Bc4 O-O 8.
Bb3 a6 9. a4 d6 10. f3 Bd7 11. O-O Na5 12. Qd3 Rc8 13. Rfd1 Nxb3 14. Nxb3 Be6
15. Nd4 Nd7 16. f4 Bg4 17. Rf1 e5 18. Nf3 exf4 19. Bxf4 Qb6+ 20. Kh1 Qxb2 21.
Nd5 Rfe8 22. Bxd6 Qxc2 23. Rad1 Qxd3 24. Rxd3 Nc5 25. Re3 Bxf3 26. Rexf3 Nxe4
27. Ne7+ Rxe7 28. Bxe7 Nd2 29. R3f2 Nxf1 30. Rxf1 Rc4 31. a5 Ra4 32. Bd8 Ra1
33. Rxa1 Bxa1 34. Kg1 0-1

[Event "4NCL Division 2d"]
[Site "Telford, ENG"]
[Date "2018.05.07"]
[Round "11.52"]
[White "Harakis, Alexis M"]
[Black "Burnett, Jim"]
[Result "1-0"]
[WhiteElo "2275"]
[BlackElo "2105"]
[PlyCount "57"]
[EventDate "2018.05.07"]
[WhiteTeam "KJCA Kings"]
[BlackTeam "White Rose 2"]

1. d4 d5 2. c4 e6 3. Nf3 c6 4. Qc2 Nf6 5. Bg5 dxc4 6. Qxc4 Be7 7. Nc3 b5 8. Qb3
Nbd7 9. Rd1 a6 10. a3 Qb6 11. e4 Bb7 12. e5 Nd5 13. Nxd5 cxd5 14. Bxe7 Kxe7 15.
Qb4+ Ke8 16. Be2 Nb8 17. Qd2 h6 18. h4 Nc6 19. Rh3 a5 20. Rg3 Rg8 21. Bd3 Kf8
22. Qf4 b4 23. Bg6 Nd8 24. h5 Rc8 25. Nh4 Ke7 26. Bh7 Nc6 27. Bxg8 Rxg8 28. Rf3
Nd8 29. a4 1-0

[Event "4NCL Division 2d"]
[Site "Telford, ENG"]
[Date "2018.05.07"]
[Round "11.53"]
[White "Shaw, Peter"]
[Black "Hand, Freddie"]
[Result "1/2-1/2"]
[WhiteElo "2122"]
[BlackElo "2156"]
[PlyCount "125"]
[EventDate "2018.05.07"]
[WhiteTeam "White Rose 2"]
[BlackTeam "KJCA Kings"]

1. d4 d5 2. Bf4 Nf6 3. e3 c5 4. c3 Nc6 5. Nd2 Bf5 6. Qb3 Qc8 7. Ngf3 e6 8. Nh4
Bg6 9. h3 c4 10. Qd1 b5 11. Nxg6 hxg6 12. a4 b4 13. e4 Be7 14. Be2 O-O 15. O-O
bxc3 16. bxc3 Bd8 17. Bf3 Bc7 18. Bg5 Qd7 19. Qc2 Rab8 20. Rfb1 Na5 21. Bxf6
gxf6 22. exd5 exd5 23. Rxb8 Rxb8 24. Rb1 Rxb1+ 25. Qxb1 Bf4 26. Qb4 Bxd2 27.
Qxa5 Qe7 28. g3 Qe1+ 29. Kg2 Bxc3 30. Qxa7 Qe6 31. Qa8+ Kg7 32. Bxd5 Qd7 33.
Bxc4 Bxd4 34. Qd5 Qxd5+ 35. Bxd5 Bb6 36. f4 f5 37. Kf3 f6 38. Ke2 g5 39. Kf3
Ba5 40. Bc4 Bd2 41. Ke2 Ba5 42. Bd3 gxf4 43. gxf4 Kg6 44. Kf3 Bb6 45. Bc2 Bc7
46. Bb3 Bb6 47. Be6 Bc7 48. h4 Ba5 49. h5+ Kxh5 50. Bxf5 Kh6 51. Ke4 Kg7 52.
Be6 Kf8 53. Kd5 Ke7 54. f5 Be1 55. Kc6 Bd2 56. Kb6 Be3+ 57. Kb7 Bd2 58. Kb6
Be3+ 59. Kb5 Kd6 60. a5 Kc7 61. a6 Kb8 62. Kc6 Ka7 63. Bc4 1/2-1/2

[Event "4NCL Division 2d"]
[Site "Telford, ENG"]
[Date "2018.05.07"]
[Round "11.54"]
[White "Verma, Aditya"]
[Black "Arnott, Jonathan W"]
[Result "1/2-1/2"]
[WhiteElo "2017"]
[BlackElo "2112"]
[PlyCount "57"]
[EventDate "2018.05.07"]
[WhiteTeam "KJCA Kings"]
[BlackTeam "White Rose 2"]

1. e4 e6 2. d4 d5 3. Nc3 Nf6 4. Bg5 Be7 5. e5 Ng8 6. Bxe7 Nxe7 7. f4 b6 8. Nf3
Ba6 9. Bxa6 Nxa6 10. Ne2 c5 11. c3 Qd7 12. O-O cxd4 13. cxd4 Rc8 14. Nc3 Nb4
15. a3 Nbc6 16. Nb5 Nxe5 17. Nd6+ Qxd6 18. fxe5 Qd7 19. Ng5 Nf5 20. g4 Nh6 21.
Qd3 Rc7 22. b3 Qe7 23. Rac1 Rxc1 24. Rxc1 Qxg5 25. Rc8+ Kd7 26. Rxh8 Nxg4 27.
Qb5+ Kc7 28. Rc8+ Kxc8 29. Qc6+ 1/2-1/2

[Event "4NCL Division 2d"]
[Site "Telford, ENG"]
[Date "2018.05.07"]
[Round "11.55"]
[White "O'driscoll, Kieran"]
[Black "Yoon, Jacob D"]
[Result "1-0"]
[WhiteElo "2076"]
[BlackElo "2004"]
[PlyCount "57"]
[EventDate "2018.05.07"]
[WhiteTeam "White Rose 2"]
[BlackTeam "KJCA Kings"]

1. d4 Nf6 2. c4 g6 3. Nc3 Bg7 4. e4 d6 5. Nf3 e5 6. dxe5 dxe5 7. Qxd8+ Kxd8 8.
Bg5 Nc6 9. Nd5 Ne7 10. Nxf6 Be6 11. O-O-O+ Kc8 12. Nd5 Nxd5 13. cxd5 Bg4 14. h3
Bxf3 15. gxf3 f6 16. Be3 Kd7 17. Bb5+ Ke7 18. Kb1 Kf7 19. Rc1 Rhc8 20. Bd7 Rd8
21. Be6+ Ke8 22. Rxc7 Rd6 23. Rxg7 b6 24. Rc1 Rad8 25. Rcc7 R8d7 26. Bxd7+ Rxd7
27. Rcxd7 h6 28. Rxa7 g5 29. Rg8# 1-0

[Event "4NCL Division 2d"]
[Site "Telford, ENG"]
[Date "2018.05.07"]
[Round "11.56"]
[White "Selway, Richard P"]
[Black "Ho, Conrad"]
[Result "1-0"]
[WhiteElo "2047"]
[BlackElo "2068"]
[PlyCount "43"]
[EventDate "2018.05.07"]
[WhiteTeam "KJCA Kings"]
[BlackTeam "White Rose 2"]

1. d4 Nf6 2. Bf4 e6 3. e3 b6 4. Nf3 Bb7 5. h3 Ne4 6. Bd3 f5 7. Nbd2 Be7 8. Qe2
c5 9. O-O-O O-O 10. g4 d5 11. gxf5 exf5 12. Ne5 c4 13. Bxe4 fxe4 14. Rdg1 c3
15. bxc3 Nd7 16. Qg4 Rf7 17. Nxf7 Kxf7 18. Qxg7+ Ke8 19. Qxh7 Nf8 20. Qh5+ Kd7
21. Qf5+ Kc6 22. c4 1-0

[Event "4NCL Division 2d"]
[Site "Telford, ENG"]
[Date "2018.05.07"]
[Round "11.57"]
[White "Camp, Imogen A L"]
[Black "Young, Daniel J"]
[Result "1-0"]
[WhiteElo "1990"]
[BlackElo "1982"]
[PlyCount "81"]
[EventDate "2018.05.07"]
[WhiteTeam "White Rose 2"]
[BlackTeam "KJCA Kings"]

1. d4 d5 2. c4 c6 3. Nf3 Nf6 4. e3 e6 5. Bd3 Nbd7 6. b3 Bd6 7. Bb2 O-O 8. O-O
b6 9. Nc3 Bb7 10. e4 dxe4 11. Nxe4 Nxe4 12. Bxe4 Nf6 13. Bc2 c5 14. Ne5 Qc7 15.
Re1 Rfd8 16. Qe2 cxd4 17. Bxd4 Rac8 18. Rad1 Bb4 19. Rf1 Bd6 20. Bb1 Qb8 21. h3
Qa8 22. Ng4 Nxg4 23. Qxg4 Bf8 24. Rfe1 g6 25. Rxe6 Rxd4 26. Rxd4 fxe6 27. Qxe6+
Kh8 28. Rd7 Bg7 29. Qe7 Rg8 30. Rxb7 Qc8 31. Bxg6 Qc6 32. Be4 Qh6 33. Qc7 Qc1+
34. Kh2 Qg5 35. g3 Rf8 36. Rb8 Qf6 37. Rxf8+ Qxf8 38. Kg2 Qe8 39. Bc6 Qf8 40.
Qxa7 Qc5 41. Be4 1-0

[Event "4NCL Division 2d"]
[Site "Telford, ENG"]
[Date "2018.05.07"]
[Round "11.58"]
[White "Ng, Chung Lok Andrew"]
[Black "Jones, Rupert"]
[Result "1/2-1/2"]
[WhiteElo "1915"]
[BlackElo "1827"]
[PlyCount "34"]
[EventDate "2018.05.07"]
[WhiteTeam "KJCA Kings"]
[BlackTeam "White Rose 2"]

1. d4 Nf6 2. c4 e6 3. Nc3 Bb4 4. Qc2 c5 5. dxc5 Na6 6. a3 Bxc3+ 7. Qxc3 Nxc5 8.
f3 d6 9. e4 b6 10. Be3 O-O 11. Rd1 Qc7 12. b4 Nb7 13. Ne2 a5 14. Nd4 axb4 15.
axb4 Bd7 16. Bd3 d5 17. Ne2 dxc4 1/2-1/2

[Event "4NCL Division 2d"]
[Site "Telford, ENG"]
[Date "2018.05.07"]
[Round "11.61"]
[White "Tukpetov, Evgeny"]
[Black "Pitcher, John"]
[Result "0-1"]
[WhiteElo "2240"]
[BlackElo "2248"]
[PlyCount "134"]
[EventDate "2018.05.07"]
[WhiteTeam "Kings Head"]
[BlackTeam "Warwickshire Select 1"]

1. b3 c5 2. Bb2 Nf6 3. e3 e6 4. Nf3 Nc6 5. d4 d5 6. Nbd2 Be7 7. Bd3 O-O 8. a3
Qb6 9. c4 cxd4 10. exd4 dxc4 11. Nxc4 Qd8 12. O-O Bd7 13. Nce5 Rc8 14. Qe2 Be8
15. Rfd1 Qd5 16. Bc4 Qd6 17. b4 a6 18. Rac1 Na7 19. Ng5 Bb5 20. Ne4 Qd8 21. Nc5
b6 22. Nxa6 Rxc4 23. Nxc4 Bxa6 24. Qc2 Nd5 25. Ne5 Bg5 26. Ra1 Qd6 27. Qa4 b5
28. Qb3 Bb7 29. Qf3 Ba8 30. Qg4 Bf4 31. Qh3 Nc6 32. Nd3 Bh6 33. Qg3 Qxg3 34.
hxg3 Nb6 35. Bc1 Bxc1 36. Raxc1 Nxd4 37. Rc5 Na4 38. Rc7 Nc3 39. Re1 Nd5 40.
Rc5 Nb3 41. Rxb5 Bc6 42. Rxd5 Bxd5 43. a4 Ra8 44. Nb2 Kf8 45. Re3 Ke7 46. Rc3
Kd7 47. f3 Rc8 48. Rxc8 Kxc8 49. Kf2 Kc7 50. Ke3 e5 51. Kd3 Nd4 52. g4 f6 53.
Nd1 Kc6 54. Nc3 Bb3 55. f4 Bd5 56. fxe5 fxe5 57. b5+ Kc5 58. g3 Bg2 59. Nd1 Kb4
60. Ne3 Bf3 61. b6 Ne6 62. Nf5 Bc6 63. Nd6 Nc5+ 64. Ke3 Kxa4 65. Nf7 Kb5 66.
Nxe5 Kxb6 67. Nf7 Ne6 0-1

[Event "4NCL Division 2d"]
[Site "Telford, ENG"]
[Date "2018.05.07"]
[Round "11.62"]
[White "Mason, Donald J"]
[Black "Kwiatkowski, Feliks J"]
[Result "1/2-1/2"]
[WhiteElo "2192"]
[BlackElo "2223"]
[PlyCount "66"]
[EventDate "2018.05.07"]
[WhiteTeam "Warwickshire Select 1"]
[BlackTeam "Kings Head"]

1. e4 c5 2. Nf3 Nc6 3. Bb5 g6 4. O-O Bg7 5. Bxc6 bxc6 6. Re1 Nh6 7. c3 O-O 8.
d4 cxd4 9. cxd4 d5 10. e5 Bg4 11. Nbd2 f6 12. h3 Bxf3 13. Nxf3 fxe5 14. Nxe5
Qc7 15. Bg5 Nf7 16. Bf4 Nxe5 17. Bxe5 Bxe5 18. Rxe5 Rf4 19. Qe2 Qb6 20. Rxe7
Qxd4 21. Qe6+ Kh8 22. Re8+ Rxe8 23. Qxe8+ Kg7 24. Qe7+ Rf7 25. Qe2 Rb7 26. Rb1
Kf7 27. Re1 Qxb2 28. Qe8+ Kg7 29. Re7+ Rxe7 30. Qxe7+ Kg8 31. Qe8+ Kg7 32. Qe7+
Kg8 33. Qe8+ Kg7 1/2-1/2

[Event "4NCL Division 2d"]
[Site "Telford, ENG"]
[Date "2018.05.07"]
[Round "11.63"]
[White "McMichael, Richard J"]
[Black "Shephard, Chris C W"]
[Result "1-0"]
[WhiteElo "2222"]
[BlackElo "2200"]
[PlyCount "91"]
[EventDate "2018.05.07"]
[WhiteTeam "Kings Head"]
[BlackTeam "Warwickshire Select 1"]

1. b3 e5 2. Bb2 Nc6 3. e3 Nf6 4. Bb5 Bd6 5. Na3 Na5 6. Be2 c6 7. c4 Qe7 8. Nc2
c5 9. d4 Nc6 10. Nf3 cxd4 11. exd4 e4 12. Nh4 Bb4+ 13. Kf1 d5 14. Ne3 O-O 15.
cxd5 Nxd5 16. Nxd5 Qxh4 17. Nxb4 Nxb4 18. d5 Nd3 19. Bxd3 exd3 20. Qxd3 b6 21.
Kg1 Bb7 22. d6 Rfd8 23. Be5 Rac8 24. h3 Rc5 25. Qg3 Qh6 26. Kh2 f6 27. Bf4 g5
28. Rhe1 Qg6 29. Bd2 Rd5 30. Bb4 Rd4 31. Ba3 h5 32. Rad1 Rxd1 33. Rxd1 Qf5 34.
h4 Kf7 35. Re1 Rd7 36. hxg5 Qxg5 37. Qh3 Kg6 38. Re3 h4 39. Kg1 Bc6 40. Rc3 Qd5
41. Qg4+ Kf7 42. Rh3 f5 43. Qg5 Rxd6 44. Bxd6 Qd1+ 45. Kh2 Qxd6+ 46. f4 1-0

[Event "4NCL Division 2d"]
[Site "Telford, ENG"]
[Date "2018.05.07"]
[Round "11.64"]
[White "Brooks, Phil J"]
[Black "Okike, David"]
[Result "1-0"]
[WhiteElo "2170"]
[BlackElo "2185"]
[PlyCount "93"]
[EventDate "2018.05.07"]
[WhiteTeam "Warwickshire Select 1"]
[BlackTeam "Kings Head"]

1. d4 Nf6 2. c4 e6 3. Nc3 Bb4 4. e3 O-O 5. Nge2 Re8 6. a3 Bf8 7. Ng3 d6 8. e4
Nc6 9. Be2 e5 10. d5 Nd4 11. Be3 g6 12. f3 Bg7 13. Nb5 Nxe2 14. Qxe2 c6 15. Nc3
h5 16. Qd2 c5 17. O-O a6 18. b4 b6 19. Rab1 Bd7 20. Rb3 Qc7 21. Rfb1 Ra7 22.
bxc5 bxc5 23. Rb6 Rc8 24. Qb2 Bf8 25. a4 Be7 26. a5 Kg7 27. Bd2 Raa8 28. f4 h4
29. Nge2 Bg4 30. fxe5 dxe5 31. Bg5 Ng8 32. Rb7 Qd8 33. Bxe7 Nxe7 34. h3 Bd7 35.
Qb6 Ng8 36. Qd6 Be8 37. Qxe5+ Qf6 38. Qxf6+ Kxf6 39. R1b6+ Ke5 40. Kf2 Rd8 41.
Ke3 Rd6 42. Nf4 Bc6 43. Rxf7 Bxd5 44. Nfxd5 Rxb6 45. Nxb6 Re8 46. Nd7+ Kd6 47.
Nf6 1-0

[Event "4NCL Division 2d"]
[Site "Telford, ENG"]
[Date "2018.05.07"]
[Round "11.65"]
[White "Guthrie, David"]
[Black "Fallowfield, Jeremy R"]
[Result "1/2-1/2"]
[WhiteElo "2137"]
[BlackElo "2155"]
[PlyCount "56"]
[EventDate "2018.05.07"]
[WhiteTeam "Kings Head"]
[BlackTeam "Warwickshire Select 1"]

1. d4 Nf6 2. c4 e6 3. Nc3 Bb4 4. e3 O-O 5. Bd3 c5 6. Nge2 cxd4 7. exd4 d5 8. a3
dxc4 9. Bxc4 Be7 10. O-O Nc6 11. Bf4 Bd6 12. Qd2 Bxf4 13. Qxf4 Ne7 14. Rad1 Bd7
15. Qe5 Rc8 16. Ba2 Bc6 17. Rd3 Ng6 18. Qe3 Nd5 19. Qd2 Nxc3 20. Nxc3 Ne7 21.
d5 Nxd5 22. Nxd5 Bxd5 23. Bxd5 exd5 24. Rxd5 Qb6 25. Re1 Qb3 26. Rd3 Qc2 27. g3
g6 28. Qxc2 Rxc2 1/2-1/2

[Event "4NCL Division 2d"]
[Site "Telford, ENG"]
[Date "2018.05.07"]
[Round "11.66"]
[White "Green, Anthony J"]
[Black "Gilfillan, Andrew"]
[Result "1/2-1/2"]
[WhiteElo "1993"]
[BlackElo "1990"]
[PlyCount "90"]
[EventDate "2018.05.07"]
[WhiteTeam "Warwickshire Select 1"]
[BlackTeam "Kings Head"]

1. d4 d5 2. c4 dxc4 3. e3 e5 4. Bxc4 exd4 5. exd4 Bd6 6. Nf3 Nf6 7. O-O O-O 8.
h3 h6 9. Nc3 Nc6 10. a3 a6 11. Be3 Bf5 12. Nh4 Bh7 13. Qf3 Nxd4 14. Bxd4 Bh2+
15. Kxh2 Qxd4 16. Bxa6 Rxa6 17. Nf5 Qe5+ 18. Ng3 Rb6 19. Rfe1 Qa5 20. b4 Qa7
21. b5 Rd6 22. Nf5 Bxf5 23. Qxf5 Qd4 24. Qf3 Rfd8 25. Rad1 Qc5 26. Rxd6 Qxd6+
27. Qg3 Qxg3+ 28. fxg3 Rd3 29. Rc1 Kf8 30. a4 Ke7 31. a5 Kd7 32. a6 bxa6 33.
bxa6 Kc8 34. Nb5 Nd5 35. a7 Kb7 36. Nxc7 Kxa7 37. Nxd5 Rxd5 38. Rc7+ Kb6 39.
Rxf7 Rg5 40. g4 Kc6 41. Kg3 Kd6 42. h4 Rg6 43. h5 Rg5 44. Rf5 Rxf5 45. gxf5 Ke5
1/2-1/2

[Event "4NCL Division 2d"]
[Site "Telford, ENG"]
[Date "2018.05.07"]
[Round "11.67"]
[White "Davey, Mark"]
[Black "Baruch, Andrew J D"]
[Result "1-0"]
[WhiteElo "1987"]
[BlackElo "2060"]
[PlyCount "67"]
[EventDate "2018.05.07"]
[WhiteTeam "Kings Head"]
[BlackTeam "Warwickshire Select 1"]

1. d4 g6 2. c4 Bg7 3. Nf3 d6 4. Nc3 c6 5. e4 Bg4 6. Be2 Bxf3 7. Bxf3 Qb6 8. d5
c5 9. O-O Nd7 10. Be2 Ngf6 11. f4 O-O 12. Qc2 a6 13. Re1 Rfb8 14. a4 Ne8 15.
Bg4 Qd8 16. Bxd7 Qxd7 17. e5 Nc7 18. a5 b5 19. axb6 Rxb6 20. Bd2 Rab8 21. Na4
Rb3 22. Bc3 e6 23. exd6 Qxd6 24. Be5 Bxe5 25. fxe5 Qd8 26. d6 Na8 27. Qf2 R8b4
28. Qxc5 Nb6 29. Qc7 Qxc7 30. dxc7 Rxc4 31. Rec1 Rxc1+ 32. Rxc1 Nc8 33. Rd1 Ne7
34. Rd7 1-0

[Event "4NCL Division 2d"]
[Site "Telford, ENG"]
[Date "2018.05.07"]
[Round "11.68"]
[White "Phillips, David"]
[Black "Verma, Shlok"]
[Result "1-0"]
[WhiteElo "1817"]
[BlackElo "1617"]
[PlyCount "59"]
[EventDate "2018.05.07"]
[WhiteTeam "Warwickshire Select 1"]
[BlackTeam "Kings Head"]

1. d4 d5 2. Bf4 Nf6 3. e3 c5 4. c3 Nc6 5. Nd2 Bf5 6. Qb3 Qd7 7. Ngf3 c4 8. Qd1
e6 9. Nh4 Bg6 10. Nxg6 hxg6 11. e4 b5 12. e5 Nh5 13. Be3 f5 14. g4 f4 15. gxh5
fxe3 16. fxe3 gxh5 17. Bg2 Be7 18. O-O O-O-O 19. b3 g5 20. a4 a6 21. axb5 axb5
22. bxc4 bxc4 23. Ra4 Qc7 24. Nxc4 Kd7 25. Nd2 g4 26. c4 dxc4 27. Rxc4 Rc8 28.
Rxc6 Qxc6 29. Bxc6+ Rxc6 30. Qa4 1-0

[Event "4NCL Division 2d"]
[Site "Telford, ENG"]
[Date "2018.05.07"]
[Round "11.71"]
[White "Cumming, Rhys"]
[Black "Blackburn, Jonathan L B"]
[Result "1/2-1/2"]
[WhiteElo "2200"]
[BlackElo "2200"]
[PlyCount "21"]
[EventDate "2018.05.07"]
[WhiteTeam "Sussex Martlets 1"]
[BlackTeam "West is Best 2"]

1. e4 e6 2. d4 d5 3. Nd2 Nc6 4. Ngf3 Nf6 5. e5 Nd7 6. Nb3 a5 7. a4 Be7 8. Bb5
Na7 9. Bd3 b6 10. O-O c5 11. c4 1/2-1/2

[Event "4NCL Division 2d"]
[Site "Telford, ENG"]
[Date "2018.05.07"]
[Round "11.72"]
[White "Zeidler, Sven P"]
[Black "Grant, David J"]
[Result "1/2-1/2"]
[WhiteElo "2178"]
[BlackElo "2192"]
[PlyCount "130"]
[EventDate "2018.05.07"]
[WhiteTeam "West is Best 2"]
[BlackTeam "Sussex Martlets 1"]

1. e4 c5 2. Nc3 Nc6 3. f4 g6 4. Nf3 Bg7 5. Bb5 Nd4 6. O-O a6 7. Bd3 d6 8. b3
Nf6 9. Rb1 O-O 10. Qe1 e6 11. a4 Bd7 12. Bb2 Bc6 13. Nxd4 cxd4 14. Na2 Nd7 15.
Nb4 Nc5 16. Nxc6 bxc6 17. Qe2 Nxd3 18. Qxd3 c5 19. f5 Be5 20. Rf3 d5 21. fxg6
hxg6 22. exd5 exd5 23. Rh3 Kg7 24. Rf1 Qd6 25. Qf3 f6 26. d3 Rh8 27. Rxh8 Rxh8
28. h3 Qe6 29. Ba3 Bd6 30. Bc1 Rh5 31. g4 Re5 32. Kf2 g5 33. Kg2 Re2+ 34. Rf2
Rxf2+ 35. Kxf2 Qe5 36. Bd2 Qh2+ 37. Qg2 Qe5 38. Kf1 Kg6 39. Qf2 Qe6 40. Qe2 Qe7
41. Qf2 Qe6 42. Ba5 Bf4 43. Qe1 Be3 44. Qg3 f5 45. gxf5+ Qxf5+ 46. Kg2 Bf4 47.
Qg4 Qxg4+ 48. hxg4 Bc1 49. Be1 Ba3 50. c3 dxc3 51. Bxc3 Bb4 52. Be5 Kf7 53. Kf3
Ke6 54. Bb2 Bd2 55. Ba3 Bb4 56. Bc1 Kf6 57. Be3 Ba3 58. Ke2 Bb4 59. Kd1 d4 60.
Bc1 Ba5 61. Ke2 Bd8 62. Kf3 Ke5 63. Bd2 a5 64. Be1 Kd5 65. Bg3 Bb6 1/2-1/2

[Event "4NCL Division 2d"]
[Site "Telford, ENG"]
[Date "2018.05.07"]
[Round "11.73"]
[White "Forster, Matthew"]
[Black "Redmond, John P"]
[Result "0-1"]
[WhiteElo "2177"]
[BlackElo "2173"]
[PlyCount "94"]
[EventDate "2018.05.07"]
[WhiteTeam "Sussex Martlets 1"]
[BlackTeam "West is Best 2"]

1. c4 c5 2. g3 g6 3. Bg2 Bg7 4. Nc3 Nc6 5. a3 d6 6. e3 Bxc3 7. bxc3 Qd7 8. Ne2
b6 9. O-O Bb7 10. d3 e6 11. e4 Nge7 12. Re1 h6 13. Be3 Ne5 14. h3 f5 15. f3
fxe4 16. fxe4 g5 17. Qd2 O-O-O 18. a4 a5 19. Rab1 Kc7 20. Rb3 Nc8 21. Reb1 Rdf8
22. d4 Nf3+ 23. Bxf3 Rxf3 24. dxc5 dxc5 25. Qxd7+ Kxd7 26. Bxc5 Bxe4 27. Bd4
Bxb1 28. Bxh8 Bd3 29. Rb2 Bxc4 30. Bd4 Bxe2 31. Rxe2 Rxg3+ 32. Kh2 Rf3 33. Kg2
Rf5 34. Rb2 Kc6 35. Kg3 h5 36. Be3 Rd5 37. Kf2 g4 38. hxg4 hxg4 39. Ke2 Rh5 40.
Kd3 Rd5+ 41. Kc2 Rf5 42. Kb1 Rf3 43. Bd4 g3 44. Rb5 Rf5 45. Rb2 e5 46. Be3 Rf3
47. Re2 g2 0-1

[Event "4NCL Division 2d"]
[Site "Telford, ENG"]
[Date "2018.05.07"]
[Round "11.74"]
[White "James, David J"]
[Black "Graham, David B"]
[Result "0-1"]
[WhiteElo "2112"]
[BlackElo "2150"]
[PlyCount "32"]
[EventDate "2018.05.07"]
[WhiteTeam "West is Best 2"]
[BlackTeam "Sussex Martlets 1"]

1. d4 Nf6 2. Nf3 g6 3. g3 Bg7 4. Bg2 d6 5. O-O O-O 6. c4 Nc6 7. Nc3 Bg4 8. b3
Nd7 9. e3 e5 10. Ne2 Qf6 11. dxe5 Ndxe5 12. Nxe5 Nxe5 13. Rb1 Nf3+ 14. Bxf3
Qxf3 15. Re1 Bf5 16. Rb2 Be4 0-1

[Event "4NCL Division 2d"]
[Site "Telford, ENG"]
[Date "2018.05.07"]
[Round "11.75"]
[White "Lunn, Matthew"]
[Black "Ivekovic, Tihana"]
[Result "1/2-1/2"]
[WhiteElo "2043"]
[BlackElo "2167"]
[PlyCount "33"]
[EventDate "2018.05.07"]
[WhiteTeam "Sussex Martlets 1"]
[BlackTeam "West is Best 2"]

1. d4 d5 2. c4 e6 3. Nc3 Nf6 4. cxd5 exd5 5. Bg5 Nbd7 6. e3 c6 7. Bd3 Be7 8.
Qc2 O-O 9. Nge2 Re8 10. O-O Nf8 11. a3 a5 12. Rab1 g6 13. b4 axb4 14. axb4 Ne6
15. Bh4 b6 16. Qb3 Bb7 17. Rfc1 1/2-1/2

[Event "4NCL Division 2d"]
[Site "Telford, ENG"]
[Date "2018.05.07"]
[Round "11.76"]
[White "Taylor, William J"]
[Black "Bucher, Grant W"]
[Result "1/2-1/2"]
[WhiteElo "2070"]
[BlackElo "2099"]
[PlyCount "25"]
[EventDate "2018.05.07"]
[WhiteTeam "West is Best 2"]
[BlackTeam "Sussex Martlets 1"]

1. e4 Nf6 2. e5 Nd5 3. d4 d6 4. Nf3 dxe5 5. Nxe5 c6 6. Bc4 Nd7 7. Nxd7 Bxd7 8.
O-O g6 9. Nc3 Be6 10. Nxd5 Bxd5 11. Qe2 Bxc4 12. Qxc4 Qd5 13. Qxd5 1/2-1/2

[Event "4NCL Division 2d"]
[Site "Telford, ENG"]
[Date "2018.05.07"]
[Round "11.77"]
[White "Payne, Matthew J"]
[Black "Spencer, Douglas"]
[Result "1-0"]
[WhiteElo "2099"]
[BlackElo "2001"]
[PlyCount "47"]
[EventDate "2018.05.07"]
[WhiteTeam "Sussex Martlets 1"]
[BlackTeam "West is Best 2"]

1. e4 e5 2. Nf3 Nf6 3. Nxe5 d6 4. Nf3 Nxe4 5. Nc3 Nxc3 6. dxc3 Be7 7. Be3 Nc6
8. Qd2 Be6 9. O-O-O Qd7 10. Bb5 a6 11. Ba4 b5 12. Bb3 O-O 13. Rhe1 Bxb3 14.
cxb3 a5 15. Qd5 b4 16. c4 a4 17. Bg5 axb3 18. axb3 Bxg5+ 19. Nxg5 Ra5 20. Qd2
Qf5 21. Ne4 Rfa8 22. g4 Qc8 23. Qe3 Ra1+ 24. Kc2 {Score unreadable} 1-0

[Event "4NCL Division 2d"]
[Site "Telford, ENG"]
[Date "2018.05.07"]
[Round "11.78"]
[White "Davis, Lee"]
[Black "Willson, Ollie"]
[Result "1/2-1/2"]
[WhiteElo "2061"]
[BlackElo "2117"]
[PlyCount "136"]
[EventDate "2018.05.07"]
[WhiteTeam "West is Best 2"]
[BlackTeam "Sussex Martlets 1"]

1. d4 Nf6 2. g3 c5 3. Nf3 cxd4 4. Nxd4 d5 5. Bg2 e5 6. Nb3 Be7 7. O-O Be6 8.
Bg5 Nbd7 9. N1d2 h6 10. Bxf6 Nxf6 11. c3 Qc7 12. e4 Rd8 13. exd5 Bxd5 14. Bxd5
Nxd5 15. Qe2 O-O 16. Rfe1 f6 17. Rad1 Rfe8 18. Qe4 Bf8 19. Nf3 b6 20. Nh4 Qf7
21. Nf5 g6 22. Nh4 Kh7 23. Qc4 Re7 24. Rd2 Rc7 25. Qb5 Rcd7 26. Red1 Rd6 27.
Qc4 Kg7 28. Qe2 Nc7 29. Ng2 Ne6 30. Ne3 Qb7 31. Rxd6 Rxd6 32. Rxd6 Bxd6 33. h4
h5 34. Qc4 Qd7 35. Qd5 Qe7 36. Nc4 Bc7 37. a4 Kf7 38. a5 Qd8 39. Qxd8 Nxd8 40.
axb6 axb6 41. Na3 Nc6 42. Nb5 Bd8 43. Kf1 Ke6 44. c4 g5 45. hxg5 fxg5 46. Ke2
Nb4 47. Nd2 h4 48. gxh4 gxh4 49. Kf3 Nd3 50. b3 Nc5 51. Nc3 Kf5 52. Nce4 Nd3
53. Nd6+ Ke6 54. N6e4 Be7 55. Kg4 Nf4 56. Nf3 h3 57. Nfg5+ Bxg5 58. Nxg5+ Kd6
59. Nxh3 Nxh3 60. Kxh3 Kc5 61. Kg4 Kb4 62. Kf5 Kxb3 63. Kxe5 Kxc4 64. f4 b5 65.
f5 b4 66. f6 b3 67. f7 b2 68. f8=Q b1=Q 1/2-1/2

[Event "4NCL Division 2d"]
[Site "Telford, ENG"]
[Date "2018.05.07"]
[Round "11.81"]
[White "Brett, Andrew R"]
[Black "Swanson, Stephen"]
[Result "0-1"]
[WhiteElo "2103"]
[BlackElo "2208"]
[PlyCount "70"]
[EventDate "2018.05.07"]
[WhiteTeam "Barbican Youth"]
[BlackTeam "Poisoned Pawns 1"]

1. c4 g6 2. d4 Bg7 3. Nf3 d6 4. g3 Nd7 5. Bg2 e5 6. O-O Ne7 7. Nc3 O-O 8. e4
exd4 9. Nxd4 Nc6 10. Nde2 a6 11. f4 Rb8 12. Rb1 Na5 13. b3 b5 14. cxb5 axb5 15.
Be3 b4 16. Na4 Ba6 17. Re1 Re8 18. Qc2 Nf6 19. Rbc1 c5 20. e5 Ng4 21. Bd2 dxe5
22. Bf3 exf4 23. Bxg4 fxg3 24. hxg3 Bd4+ 25. Kh2 h5 26. Nxd4 Qxd4 27. Bf4 hxg4
28. Qxc5 Qh8+ 29. Kg1 Bb7 30. Re3 Qh1+ 31. Kf2 Qg2+ 32. Ke1 Rbc8 33. Bc7 Bf3
34. Rc2 Qg1+ 35. Kd2 Qd1# 0-1

[Event "4NCL Division 2d"]
[Site "Telford, ENG"]
[Date "2018.05.07"]
[Round "11.82"]
[White "Clark, Kevin R"]
[Black "Hodgson, John H"]
[Result "1/2-1/2"]
[WhiteElo "2118"]
[BlackElo "2091"]
[PlyCount "43"]
[EventDate "2018.05.07"]
[WhiteTeam "Poisoned Pawns 1"]
[BlackTeam "Barbican Youth"]

1. e4 c5 2. c3 Nf6 3. e5 Nd5 4. d4 cxd4 5. Nf3 Nc6 6. Bc4 e6 7. cxd4 d6 8. O-O
Be7 9. a3 O-O 10. Qe2 Bd7 11. Qe4 Rc8 12. Bd3 f5 13. exf6 Nxf6 14. Qe2 Qe8 15.
Nc3 Qh5 16. Be3 d5 17. Ne5 Nxe5 18. Qxh5 Nxh5 19. dxe5 a6 20. g3 g5 21. Rac1
Ng7 22. Ne2 1/2-1/2

[Event "4NCL Division 2d"]
[Site "Telford, ENG"]
[Date "2018.05.07"]
[Round "11.83"]
[White "Hughes, Roy"]
[Black "Byway, Paul V"]
[Result "0-1"]
[WhiteElo "2034"]
[BlackElo "2056"]
[PlyCount "84"]
[EventDate "2018.05.07"]
[WhiteTeam "Barbican Youth"]
[BlackTeam "Poisoned Pawns 1"]

1. d4 Nf6 2. Nf3 e6 3. Bf4 c5 4. e3 b6 5. c4 Bb7 6. d5 exd5 7. Nc3 Be7 8. cxd5
d6 9. e4 O-O 10. Bd3 Nbd7 11. O-O a6 12. a4 Ng4 13. Bc2 Nge5 14. Nd2 b5 15. a5
c4 16. Be3 Nc5 17. b4 cxb3 18. Nxb3 Nxb3 19. Bxb3 Bf6 20. Bd4 Rc8 21. Ne2 Nc4
22. Qe1 Re8 23. f3 Bxd4+ 24. Nxd4 Bxd5 25. Qb4 Be6 26. Rfd1 Qg5 27. Bxc4 Rxc4
28. Qe1 Rec8 29. Kh1 Qe5 30. Qd2 Ra4 31. Rxa4 bxa4 32. h3 Bb3 33. Nxb3 axb3 34.
Rb1 Rb8 35. Rb2 g6 36. Kg1 Rb5 37. Kf2 h5 38. Qe2 h4 39. Qd2 Qc5+ 40. Qe3 Qb4
41. Kg1 Qa3 42. Qc3 Qc5+ 0-1

[Event "4NCL Division 2d"]
[Site "Telford, ENG"]
[Date "2018.05.07"]
[Round "11.84"]
[White "Davison, Chris"]
[Black "Harari, Zaki"]
[Result "0-1"]
[WhiteElo "2071"]
[BlackElo "2030"]
[PlyCount "52"]
[EventDate "2018.05.07"]
[WhiteTeam "Poisoned Pawns 1"]
[BlackTeam "Barbican Youth"]

1. e4 e5 2. Nf3 Nc6 3. d4 exd4 4. Bc4 Nf6 5. e5 d5 6. Bb5 Ne4 7. Nxd4 Bd7 8.
Bxc6 bxc6 9. O-O Bc5 10. c3 O-O 11. f3 Ng5 12. f4 Ne4 13. Be3 Rb8 14. b4 Bb6
15. Qd3 c5 16. bxc5 Nxc5 17. Qe2 Ne4 18. f5 Qe7 19. f6 Qxe5 20. fxg7 Rfe8 21.
Qf3 Qxg7 22. Nd2 Nxc3 23. Nc2 Bg4 24. Qf2 Ne2+ 25. Kh1 d4 26. Bf4 d3 0-1